The Algorithm Design Manual
Guardat en:
| Autor principal: | |
|---|---|
| Format: | Llibre |
| Publicat: |
springer
|
| Etiquetes: |
Sense etiquetes, Sigues el primer a etiquetar aquest registre!
|
MARC
| LEADER | 00000nam a2200000Ia 4500 | ||
|---|---|---|---|
| 005 | 20260515061614.0 | ||
| 100 | |a Skiena, Steven S., | ||
| 020 | |a 9783030542580 | ||
| 942 | |c BK | ||
| 245 | |a The Algorithm Design Manual | ||
| 260 | |b springer | ||
| 999 | |c 3 |d 3 | ||
| 952 | |0 0 |1 0 |4 0 |7 0 |a ABDN |b ABDN |d 2026-05-15 |l 0 |p 000014 |r 2026-05-15 06:16:14 |w 2026-05-15 |y BK | ||